Learning and memory: a comprehensive reference (Record no. 6181)
[ view plain ]
| 000 -LEADER | |
|---|---|
| fixed length control field | 00683nam a2200145Ia 4500 |
| 020 ## - INTERNATIONAL STANDARD BOOK NUMBER | |
| ISBN | 9780123705044 |
| 082 ## - DEWEY DECIMAL CLASSIFICATION NUMBER | |
| Classification number | RR 153.1 LEA- |
| 245 #0 - TITLE STATEMENT | |
| Title | Learning and memory: a comprehensive reference |
| 260 ## - PUBLICATION, DISTRIBUTION, ETC. (IMPRINT) | |
| Place of publication | Amsterdam |
| Name of publisher | Elsevier |
| Year of publication | 2008 |
| 500 ## - GENERAL NOTE | |
| General note | contents: 4 vols. Vol.1 (Learning theory and behaviour), (ed. by Randolf Menzel), (xx, 757p.) - vol. 2 (Cognitive psychology of memory), (ed. by Henry L. Roediger), (xxii, 939p.) - vol. 3 (Memory systems), (ed by Howard Eichenbaum), (xviii, 620p.) - vol. 4 (Molecular mechanisms of memory), (ed. by J. David Sweatt), (xx, 1059p.). |
| 650 ## - SUBJECT ADDED ENTRY--TOPICAL TERM | |
| Topical Term | Learning, Psychology of |
| 650 ## - SUBJECT ADDED ENTRY--TOPICAL TERM | |
| Topical Term | Memory |
| 700 ## - ADDED ENTRY--PERSONAL NAME | |
| Personal name | Byrne, John H. |
| 942 ## - ADDED ENTRY ELEMENTS (KOHA) | |
| Koha item type | Books |
| Source of classification or shelving scheme | Dewey Decimal Classification |
| Withdrawn status | Lost status | Damaged status | Not for loan | Home library | Current library | Date acquired | Source of acquisition | Serial Enumeration / chronology | Bill Date | Full call number | Accession Number | Price effective from | Koha item type |
|---|---|---|---|---|---|---|---|---|---|---|---|---|---|
| NASSDOC Library | NASSDOC Library | 07/10/2008 | SEGM | V.1 | 2008-09-10 | RR 153.1 LEA- | 44565 | 18/04/2019 | Books | ||||
| NASSDOC Library | NASSDOC Library | 07/10/2008 | SEGM | V.2 | 2008-09-10 | RR 153.1 LEA- | 44566 | 18/04/2019 | Books | ||||
| NASSDOC Library | NASSDOC Library | 07/10/2008 | SEGM | V.3 | 2008-09-10 | RR 153.1 LEA- | 44567 | 18/04/2019 | Books | ||||
| NASSDOC Library | NASSDOC Library | 07/10/2008 | SEGM | V.4 | 2008-09-10 | RR 153.1 LEA- | 44568 | 18/04/2019 | Books |
